000 00297nam a22001217a 4500
008 170906b xxu||||| |||| 00| 0 eng d
041 _aeng
080 _21ST
_a72
100 _a41
101 _aARK
245 _aA TREATISE ON ARCHITECTURE AND BUILDING CONSTRUCTION
_cSCRANTON,PA
942 _2udc
_cBK
999 _c26353
_d26353